1309 1308 1901 1957 1234 1626 1350 1193 1075 1860 1478 1943 1964 1226 1238 1289 1422 1847 1678 1385 1030 1125 1298 1794 1312 1463 1233 1529 1637 1064 1199 1423 1952 1946 1073 1543 1341 1485 1986 1012 1931 1088 1880 1361 1371 1391 1780 1193 1085 1360 1469 1263 1571 1449 1027 1855 1937 1122 1560 1332 1910 1503 1539 1420 1835 1783 1684 1113 1795 1811 1023 1780 1609 1776 1387 1099 1833 1986 1298 1995 1186 1435 1824 1124 1110 1440 1600 1094 1122 1377 1980 1807 1078 1182 1198 1509 1954 1253 1492 BCNSPRNW ULIB Ver.6.0+V

เปลี่ยนเป็นภาษาไทย

Change to English
 แสดงรายละเอียดบรรณานุกรม
  กลับหน้าหลัก

Brief Record : Get Marc (ISO 2709) : E-mail record : QR code < ปิดหน้าต่าง
LEADER : 00000nam 2200000uu 4500
001    13399124799
003     ULIB
008    160324s2016||||th 000 0 eng d
020    ^a9781284049008 (casebound)
060 04 ^aWT500^bL929 2016
245 00 ^aLubkin's chronic illness :^bimpact and intervention / ^cedited by Pamala D. Larsen
246 1  ^aChronic illness
250    ^a9th ed.
260    ^aBurlington, MA :^bJones & Bartlett Learning,^cc2016
300    ^axix, 635 p. :^bill. ;^c24 cm.
500    ^aPreceded by Chronic illness / edited by Ilene Morof Lubkin, Pamala D. Larsen. 8th ed. c2013
504    ^aIncludes bibliographical references and index
505 0  ^aChronicity -- The illness experience -- Psychosocial adjustment -- Loss -- Spirituality -- Social isolation -- Uncertainty -- Quality of life -- Adherence -- Family caregiving -- Sexuality -- Powerlessness -- Culture -- Self management -- Client and family education -- Health promotion -- The advanced practice nurse in chronic illness -- Complementary and alternative therapies -- Models of care -- Home health care -- Long-term care -- Palliative care -- Health policy -- Rehabilitation
650  2 ^aChronic Disease^xpsychology
650  2 ^aProfessional-Family Relations
650  2 ^aProfessional-Patient Relations
650  2 ^aTherapeutics
700 1  ^aLubkin, Ilene Morof
700 1  ^aLarsen, Pamala D.,^eed.
945    ^p4020^l0^i000348
999    ^aเกษร โพธิ์สุวรรณ
รายการนี้ยังไม่มีแท็ก
คุณยังไม่ได้ล็อกอิน คุณสามารถมีกิจกรรมร่วมกับเว็บไซต์ได้ แต่ต้องล็อกอินก่อน ::
  ล็อกอิน

รายการสื่อสารสนเทศ

ลำดับที่ ประเภท เลขเรียก/บาร์โค้ด สถานที่ สถานะ
1. Book การพยาบาล
Book การพยาบาล
WT500 L929 2016 ฉ.1 
  Barcode: 000348
ห้องสมุดวิทยาเขตสวรรค์ประชารักษ์
►หนังสือทั่วไป
บนชั้น

รายการใกล้เคียง
    หัวเรื่อง [Professional-Patient Relations]
    หัวเรื่อง [Therapeutics]

BibComment


ยังไม่เคยถูกคอมเมนท์

คอมเมนท์ทรัพยากรรายการนี้
  คอมเมนท์: Lubkins chronic ..


 Copyright 2026. Bcnsprnw @Library